000 00566nam a2200181 4500
001 ocn9719039027
005 20141028101226.0
008 990628s1996 xx eng
020 _a9719039027
050 0 0 _aHF5667
_b.S26 1996
100 1 _aSantos, Petronilo S.
245 1 0 _aReviewer in auditing practice /
_cPetronilo S. Santos, Gerardo S. Roque.
260 _aMalabon, Philippines :
_bP. S. Santos,
_cc1996.
300 _a462 pages ;
_c22 cm.
650 0 _aAuditing
_vExaminations
_vStudy guides.
700 1 _aRoque, Gerardo S.
942 _2lcc
_cBK
_kFIL
999 _c276692
_d276692